[Event "Hradec Kralove Region-chT 0506"]
[Site "Czech Republic"]
[Date "2006.02.05"]
[Round "7.4"]
[White "Uveric, Djordje"]
[Black "Matonoha, Ctirad"]
[Result "1/2-1/2"]
[WhiteElo "1922"]
[BlackElo "2051"]
[PlyCount "63"]
[EventDate "2005.10.23"]
[EventType "team-tourn"]
[EventRounds "11"]
[EventCountry "CZE"]
[SourceTitle "EXT 2024"]
[Source "ChessBase"]
[SourceDate "2023.10.10"]
[SourceVersion "1"]
[SourceVersionDate "2023.10.10"]
[SourceQuality "1"]
[WhiteTeam "Dvur Kralove nad Labem"]
[BlackTeam "Horice Jiskra"]
[WhiteTeamCountry "CZE"]
[BlackTeamCountry "CZE"]

1. e4 d6 2. d4 Nf6 3. Nc3 g6 4. Nf3 Bg7 5. h3 0-0 6. Be3 c6 7. Qd2 b5 8. a3 Nbd7 9. Bd3 Bb7 10. Bh6 Qc7 11. Bxg7 Kxg7 12. 0-0 a5 13. b4 e5 14. dxe5 dxe5 15. Qe3 Ra6 16. Nd2 Rfa8 17. Rab1 axb4 18. axb4 Ra3 19. Nb3 Nf8 20. f4 exf4 21. Rxf4 Ne6 22. Rf2 Nd7 23. Ne2 Ne5 24. Ned4 Bc8 25. Nxe6+ Bxe6 26. Nc5 Qd6 27. Qg5 Ra1 28. Qf6+ Kg8 29. Rbf1 Rxf1+ 30. Rxf1 Nd7 31. Nxd7 Qxd7 32. Qe5 1/2-1/2